Manual para las relaciones Europeo-Latinoamericanas: instituciones y organizaciones en América Latina y el Caribe. Handbook for European-Latin American relations: institutions and organisations in Latin America and the Caribbean /
El documento consiste en el segundo volumen del Manual para las relaciones Europeo-Latinoamericanas: instituciones y organizaciones en América Latina y el Caribe, en el que se aborda primeramente una lista de instituciones y organizaciones en América Latina y El Caribe, con sus descripciones, selecc...
Shranjeno v:
| Glavni avtor: | |
|---|---|
| Korporativna značnica: | |
| Drugi avtorji: | |
| Format: | Texto |
| Jezik: | Spanish |
| Izdano: |
España :
IRELA
1993
|
| Teme: | |
| Oznake: |
Označite
Brez oznak, prvi označite!
|
MARC
| LEADER | 00000 a a2200000 04500 | ||
|---|---|---|---|
| 001 | 39220 | ||
| 003 | cru CIDCACS/IIS | ||
| 005 | 20230613141646.0 | ||
| 008 | 230314b1993 sp ||||| |||| 00| 0 spa d | ||
| 020 | |a 84-88607-02-4 | ||
| 022 | |a 84-88607-02-4 | ||
| 040 | |c cru IIS |d cru IIS | ||
| 090 | |a 01.02.01 I59m | ||
| 100 | |a Farenholtz, Brigitte | ||
| 110 | |a Instituto de Relaciones Europeo-Latinoamericanas | ||
| 245 | |a Manual para las relaciones Europeo-Latinoamericanas: instituciones y organizaciones en América Latina y el Caribe. Handbook for European-Latin American relations: institutions and organisations in Latin America and the Caribbean / |c Brigitte Farenholtz | ||
| 260 | |a España : |b IRELA |c 1993 | ||
| 300 | |a 836 p.; vol 2 | ||
| 500 | |a Directorio | ||
| 520 | |a El documento consiste en el segundo volumen del Manual para las relaciones Europeo-Latinoamericanas: instituciones y organizaciones en América Latina y el Caribe, en el que se aborda primeramente una lista de instituciones y organizaciones en América Latina y El Caribe, con sus descripciones, seleccionadas por su relevancia política, económica y social. Una descripción de cada país con detalles del gobierno, políticas, instituciones educativas, religiones, organizaciones no gubernamentales y demás detalles de relevancia. Finalmente, se proporciona in índice temático para guiar al lector. | ||
| 650 | |a MARCO INSTITUCIONAL | ||
| 650 | |a AMERICA CENTRAL | ||
| 650 | |a RELACIONES BILATERALES | ||
| 650 | |a EUROPA | ||
| 700 | |a | ||
| 700 | |a Grenz, Wolfgang | ||
| 700 | |a | ||
| 942 | |2 ddc |c LI | ||
| 999 | |c 14024 |d 14024 | ||



